[Event "Bucharest Grand Prix op"]
[Site "Bucharest"]
[Date "2024.03.24"]
[Round "7"]
[White "Costachi, Mihnea"]
[Black "Veneteanu, Mihai"]
[Result "1-0"]
[WhiteElo "2470"]
[BlackElo "2026"]
[PlyCount "67"]
[EventDate "2024.03.23"]
[EventType "swiss (rapid)"]
[EventRounds "10"]
[EventCountry "ROU"]
[SourceTitle "CB13_2024"]
[SourceDate "2024.03.27"]
[SourceVersion "1"]
[SourceVersionDate "2024.03.27"]
[SourceQuality "1"]

1. d4 Nf6 2. c4 e6 3. Nf3 d5 4. Nc3 Be7 5. Bg5 0-0 6. e3 h6 7. Bh4 b6 8. cxd5 exd5 9. Bd3 Nbd7 10. 0-0 Bb7 11. Rc1 Ne4 12. Bxe7 Qxe7 13. Qb3 Ndf6 14. Bb1 Rac8 15. Nb5 a6 16. Na7 Ra8 17. Nc6 Qd6 18. Qc2 Rfe8 19. h3 Rac8 20. Rfd1 Re6 21. Nfe5 Nd7 22. Na7 Ra8 23. Qxc7 Qxc7 24. Rxc7 Nxe5 25. dxe5 Rxa7 26. Bxe4 dxe4 27. Rd8+ Kh7 28. Rdd7 Bc6 29. Rxa7 Bxd7 30. Rxd7 Kg6 31. Rb7 b5 32. Ra7 h5 33. g3 Rc6 34. b4 1-0

[Event "Bucharest Grand Prix op"]
[Site "Bucharest"]
[Date "2024.03.24"]
[Round "6"]
[White "Deac, Bogdan Daniel"]
[Black "Costachi, Mihnea"]
[Result "1-0"]
[WhiteElo "2690"]
[BlackElo "2470"]
[PlyCount "133"]
[EventDate "2024.03.23"]
[EventType "swiss (rapid)"]
[EventRounds "10"]
[EventCountry "ROU"]
[SourceTitle "CB13_2024"]
[SourceDate "2024.03.27"]
[SourceVersion "1"]
[SourceVersionDate "2024.03.27"]
[SourceQuality "1"]

1. e4 e5 2. Bc4 Nf6 3. d3 Bc5 4. Nf3 d6 5. c3 Nc6 6. Nbd2 a6 7. h3 Ba7 8. Bb3 h6 9. Qe2 Be6 10. Nf1 Qd7 11. Ba4 b5 12. Bb3 0-0 13. g4 Nh7 14. Ng3 d5 15. Nf5 Rad8 16. Bd2 dxe4 17. dxe4 Na5 18. Nxe5 Qe8 19. Bxe6 Qxe6 20. Bf4 c5 21. Nf3 Nc4 22. 0-0 Nxb2 23. Qxb2 Qxe4 24. c4 f6 25. Bg3 Qxf3 26. cxb5 axb5 27. Qxb5 Ng5 28. Qb3+ Qxb3 29. axb3 Bb8 30. Ne7+ Kh7 31. Nc6 Bxg3 32. Nxd8 Rxd8 33. fxg3 Rd2 34. Rf5 Nxh3+ 35. Kf1 Rb2 36. Ra3 Rc2 37. Ke1 Kg6 38. Rf3 Ng5 39. Re3 h5 40. gxh5+ Kxh5 41. Kd1 Rb2 42. Ra5 Kg4 43. Rxc5 f5 44. Kc1 Ra2 45. Rc2 Ra7 46. b4 Ne4 47. Rc4 Kh3 48. b5 Nxg3 49. b6 Rb7 50. Rb3 g5 51. Rc7 Rb8 52. b7 f4 53. Rc8 Rxb7 54. Rxb7 f3 55. Rf7 g4 56. Kd2 Nf1+ 57. Ke1 Kg2 58. Rc2+ Kg1 59. Rc4 Ne3 60. Re4 Ng2+ 61. Kd2 f2 62. Ke2 g3 63. Rg4 Kh2 64. Rf8 Kh3 65. Rg7 Kh2 66. Rf3 Nh4 67. Rfxg3 1-0

[Event "Bucharest Grand Prix op"]
[Site "Bucharest"]
[Date "2024.03.23"]
[Round "2"]
[White "Andries, Alf"]
[Black "Costachi, Mihnea"]
[Result "0-1"]
[WhiteElo "2040"]
[BlackElo "2470"]
[PlyCount "93"]
[EventDate "2024.03.23"]
[EventType "swiss (rapid)"]
[EventRounds "10"]
[EventCountry "ROU"]
[SourceTitle "CB13_2024"]
[SourceDate "2024.03.27"]
[SourceVersion "1"]
[SourceVersionDate "2024.03.27"]
[SourceQuality "1"]

1. e4 e5 2. Nf3 Nc6 3. d4 exd4 4. Nxd4 Nf6 5. Nxc6 bxc6 6. Nc3 Bb4 7. Bd3 d5 8. exd5 0-0 9. 0-0 cxd5 10. Bg5 c6 11. Na4 h6 12. Bh4 Be7 13. c4 Be6 14. cxd5 cxd5 15. Rc1 Ne4 16. Bxe7 Qxe7 17. Qe2 Qb4 18. b3 Rac8 19. Bxe4 dxe4 20. Qe3 a5 21. Nc5 Bf5 22. h3 Rfd8 23. Rc4 Qb6 24. Rfc1 Bg6 25. Nxe4 Qxe3 26. fxe3 Rxc4 27. Rxc4 Re8 28. Nc5 Rxe3 29. Ra4 f5 30. Rxa5 Re2 31. b4 Bf7 32. Nd3 Bxa2 33. Rxf5 Bb1 34. Rd5 Rd2 35. Nf4 Rb2 36. Rd4 Kf7 37. Nd5 g5 38. Nc3 Bf5 39. Nd1 Rb1 40. Kf2 Ke6 41. Ne3 Bg6 42. Rc4 Be8 43. Re4+ Kf7 44. Nf5 Bc6 45. Re2 h5 46. Nd4 Ba4 47. b5 0-1

[Event "Bucharest Grand Prix op"]
[Site "Bucharest"]
[Date "2024.03.23"]
[Round "4"]
[White "Pisu, Robert Daniel"]
[Black "Costachi, Mihnea"]
[Result "0-1"]
[WhiteElo "2154"]
[BlackElo "2470"]
[PlyCount "86"]
[EventDate "2024.03.23"]
[EventType "swiss (rapid)"]
[EventRounds "10"]
[EventCountry "ROU"]
[SourceTitle "CB13_2024"]
[SourceDate "2024.03.27"]
[SourceVersion "1"]
[SourceVersionDate "2024.03.27"]
[SourceQuality "1"]

1. d4 Nf6 2. Nf3 g6 3. g3 Bg7 4. Bg2 0-0 5. 0-0 d6 6. Re1 Nc6 7. e4 e5 8. c3 Re8 9. dxe5 Nxe5 10. Nxe5 dxe5 11. h3 Be6 12. Be3 Qe7 13. Qc2 h5 14. Nd2 Qf8 15. Nf3 Nd7 16. Rad1 Bh6 17. Ng5 Bxg5 18. Bxg5 f6 19. Be3 Red8 20. f4 Bf7 21. Rf1 Qe7 22. b3 a5 23. Qf2 Kg7 24. h4 a4 25. Bh3 exf4 26. gxf4 axb3 27. axb3 Bxb3 28. Rb1 Bc4 29. Rfd1 b5 30. e5 f5 31. e6 Qxe6 32. Bd4+ Kh7 33. Re1 Qf7 34. Bg2 Ra2 35. Qg3 c5 36. Qg5 Re8 37. Bf2 Ree2 38. Rxe2 Bxe2 39. Bc6 Nf6 40. Bxc5 Bd3 41. Bd4 Bxb1 42. Bxf6 Qb3 43. Bf3 Be4 0-1

[Event "Titled Tuesday intern op 13th Feb Early"]
[Site "Chess.com INT"]
[Date "2024.02.13"]
[Round "1"]
[White "Costachi, Mihnea"]
[Black "Hoffmann, Asa"]
[Result "1-0"]
[WhiteElo "2471"]
[BlackElo "2185"]
[PlyCount "93"]
[EventDate "2024.02.13"]
[EventType "swiss (blitz)"]
[EventRounds "11"]
[EventCountry "USA"]
[SourceTitle "CB08_2024"]
[SourceDate "2024.02.21"]
[SourceVersion "1"]
[SourceVersionDate "2024.02.21"]
[SourceQuality "1"]

1. Nc3 Nf6 2. e4 d6 3. d4 c6 4. Nf3 Bg4 5. Be2 e6 6. 0-0 d5 7. h3 Bh5 8. exd5 cxd5 9. Ne5 Bxe2 10. Nxe2 Nc6 11. Nd3 Bd6 12. c3 0-0 13. Bg5 h6 14. Bh4 Be7 15. Re1 Ne4 16. Bxe7 Qxe7 17. Nef4 Qd6 18. Qb3 Na5 19. Qb4 Qxb4 20. Nxb4 Nc4 21. Re2 a5 22. Nbd3 a4 23. a3 Rfe8 24. f3 Ng3 25. Rf2 g5 26. Ne2 Nf5 27. f4 Ncd6 28. fxg5 hxg5 29. g4 Nh4 30. Raf1 Rf8 31. Ng3 Ra6 32. Nc5 Rc6 33. Nd7 Rd8 34. Ne5 Rc7 35. Nh5 Ne4 36. Rxf7 Rxf7 37. Rxf7 Rf8 38. Rg7+ Kh8 39. Nf7+ Rxf7 40. Rxf7 Ng6 41. Rxb7 e5 42. Ra7 exd4 43. cxd4 Nf4 44. Nxf4 gxf4 45. Rxa4 f3 46. Ra7 f2+ 47. Kg2 1-0

[Event "Titled Tuesday intern op 06th Feb Early"]
[Site "Chess.com INT"]
[Date "2024.02.06"]
[Round "4"]
[White "Costachi, Mihnea"]
[Black "Laddha, Shubh Jayesh"]
[Result "1/2-1/2"]
[WhiteElo "2471"]
[BlackElo "2324"]
[PlyCount "98"]
[EventDate "2024.02.06"]
[EventType "swiss (blitz)"]
[EventRounds "11"]
[EventCountry "USA"]
[SourceTitle "CB07_2024"]
[SourceDate "2024.02.14"]
[SourceVersion "1"]
[SourceVersionDate "2024.02.14"]
[SourceQuality "1"]

1. Nh3 d5 2. Nf4 e5 3. Nd3 e4 4. Nf4 Nc6 5. d3 exd3 6. cxd3 Nf6 7. g3 Bd6 8. Bg2 0-0 9. 0-0 Ne7 10. Nc3 c6 11. b3 Ng6 12. Nxg6 hxg6 13. Bb2 Re8 14. e4 dxe4 15. dxe4 Bg4 16. Qc2 Qc8 17. Rfe1 Bh3 18. Bh1 Be5 19. Rad1 Qc7 20. f4 Qb6+ 21. Qf2 Bc7 22. Na4 Qa5 23. Qc5 b5 24. e5 bxa4 25. Qxa5 Bxa5 26. Bxc6 Bb6+ 27. Bd4 Ng4 28. bxa4 Bxd4+ 29. Rxd4 Red8 30. Rd6 Rac8 31. Bd7 Rc2 32. Bxg4 Rxd6 33. Bxh3 Rdd2 34. e6 fxe6 35. Bxe6+ Kh7 36. f5 Rg2+ 37. Kh1 Rxh2+ 38. Kg1 Rcg2+ 39. Kf1 Rxa2 40. fxg6+ Kxg6 41. Bxa2 Rxa2 42. Re6+ Kf5 43. Ra6 Kg4 44. Rg6+ Kf3 45. Ke1 Rxa4 46. Rxg7 a5 47. Kd2 Rg4 48. Ra7 Kxg3 49. Rxa5 Rd4+ 1/2-1/2

[Event "Titled Tuesday intern op 06th Feb Early"]
[Site "Chess.com INT"]
[Date "2024.02.06"]
[Round "8"]
[White "Costachi, Mihnea"]
[Black "Singh, Ojasva"]
[Result "1/2-1/2"]
[WhiteElo "2471"]
[BlackElo "2314"]
[PlyCount "114"]
[EventDate "2024.02.06"]
[EventType "swiss (blitz)"]
[EventRounds "11"]
[EventCountry "USA"]
[SourceTitle "CB07_2024"]
[SourceDate "2024.02.14"]
[SourceVersion "1"]
[SourceVersionDate "2024.02.14"]
[SourceQuality "1"]

1. Nc3 Nf6 2. e4 e5 3. Bc4 Bc5 4. d3 c6 5. Nf3 d6 6. Be3 Bb6 7. h3 0-0 8. 0-0 Nbd7 9. Bb3 Nc5 10. Bg5 h6 11. Bh4 Nxb3 12. axb3 g5 13. Bg3 Nh5 14. d4 g4 15. hxg4 Bxg4 16. Ne2 Bxf3 17. gxf3 Qg5 18. Qc1 Nxg3 19. fxg3 Qxc1 20. Raxc1 Bxd4+ 21. Nxd4 exd4 22. Rcd1 c5 23. c3 dxc3 24. bxc3 Rfd8 25. Rd5 a5 26. c4 a4 27. bxa4 Rxa4 28. e5 Rxc4 29. exd6 Rd4 30. Rxc5 R8xd6 31. Rc8+ Kg7 32. Rb8 b6 33. Rf2 h5 34. Kg2 h4 35. g4 Rh6 36. Kh3 Rf4 37. Kg2 Rhf6 38. Kh3 Rxf3+ 39. Rxf3 Rxf3+ 40. Kxh4 Rb3 41. Kg5 Rb5+ 42. Kf4 Kf6 43. Rb7 Ke6 44. Ke4 Rb4+ 45. Kf3 f6 46. Kg3 Ke5 47. Re7+ Kd6 48. Rf7 Ke6 49. Rb7 b5 50. Rb8 Rb1 51. Kf4 b4 52. Rb6+ Kf7 53. Kf5 Rf1+ 54. Ke4 Rg1 55. Kf5 Rf1+ 56. Ke4 Re1+ 57. Kf5 Rf1+ 1/2-1/2

[Event "Titled Tuesday intern op 09th Jan Early"]
[Site "Chess.com INT"]
[Date "2024.01.09"]
[Round "7"]
[White "Costachi, Mihnea"]
[Black "Cuenca Jimenez, Jose Fernando"]
[Result "1-0"]
[WhiteElo "2471"]
[BlackElo "2514"]
[PlyCount "69"]
[EventDate "2024.01.09"]
[EventType "swiss (blitz)"]
[EventRounds "11"]
[EventCountry "USA"]
[SourceTitle "CB03_2024"]
[SourceDate "2024.01.17"]
[SourceVersion "1"]
[SourceVersionDate "2024.01.17"]
[SourceQuality "1"]

1. Nc3 c5 2. Nf3 Nc6 3. g3 e5 4. Bg2 g6 5. 0-0 Bg7 6. d3 Nge7 7. e4 0-0 8. Be3 d6 9. Qd2 f5 10. Bh6 f4 11. Bxg7 Kxg7 12. Ne2 fxg3 13. fxg3 h6 14. Rf2 Bg4 15. Raf1 Qd7 16. Nc3 Bxf3 17. Rxf3 Rxf3 18. Rxf3 Nd4 19. Rf1 g5 20. Nd1 Rf8 21. Rxf8 Kxf8 22. c3 Ndc6 23. Ne3 Qe6 24. b3 b5 25. Nf5 b4 26. Bh3 bxc3 27. Qxc3 Qf6 28. Qc4 Nxf5 29. Bxf5 Nd4 30. g4 h5 31. Qa6 Qe7 32. gxh5 Kg7 33. Qc8 Qf7 34. h6+ Kf6 35. Qd8+ 1-0

[Event "Titled Tuesday intern op 09th Jan Early"]
[Site "Chess.com INT"]
[Date "2024.01.09"]
[Round "8"]
[White "Novozhilov, Semen"]
[Black "Costachi, Mihnea"]
[Result "0-1"]
[WhiteElo "2272"]
[BlackElo "2471"]
[PlyCount "74"]
[EventDate "2024.01.09"]
[EventType "swiss (blitz)"]
[EventRounds "11"]
[EventCountry "USA"]
[SourceTitle "CB03_2024"]
[SourceDate "2024.01.17"]
[SourceVersion "1"]
[SourceVersionDate "2024.01.17"]
[SourceQuality "1"]

1. d4 Nf6 2. Nf3 e6 3. e3 d5 4. Bd3 c5 5. b3 Nc6 6. 0-0 Be7 7. Bb2 0-0 8. c4 b6 9. Nc3 cxd4 10. exd4 Bb7 11. Qe2 dxc4 12. bxc4 Nb4 13. Bb1 Bxf3 14. Qxf3 Qxd4 15. a3 Na6 16. Qb7 Bd6 17. Qxa6 Bxh2+ 18. Kh1 Qh4 19. Rd1 Ng4 20. Ne4 Bg3+ 21. Kg1 Bxf2+ 22. Kf1 Ne3+ 23. Ke2 Qg4+ 24. Kxf2 Nxd1+ 25. Kg1 Nxb2 26. Qb5 Qd1+ 27. Kh2 Qd4 28. Qh5 g6 29. Qh4 Qe5+ 30. Kh1 Rad8 31. Nf6+ Kg7 32. Qxh7+ Kxf6 33. Bxg6 Rh8 34. Rf1+ Ke7 35. Rxf7+ Kd6 36. c5+ bxc5 37. Rd7+ Rxd7 0-1

[Event "EU-ch Blitz"]
[Site "Zagreb"]
[Date "2023.12.16"]
[Round "6"]
[White "Costachi, Mihnea"]
[Black "Dragicevic, Drazen"]
[Result "1-0"]
[WhiteElo "2471"]
[BlackElo "2322"]
[PlyCount "83"]
[EventDate "2023.12.16"]
[EventType "swiss (blitz)"]
[EventRounds "13"]
[EventCountry "CRO"]
[SourceTitle "CB51_2023"]
[SourceDate "2023.12.20"]
[SourceVersion "1"]
[SourceVersionDate "2023.12.20"]
[SourceQuality "1"]

1. d4 d5 2. c4 c6 3. Nf3 Nf6 4. Nc3 e6 5. e3 Nbd7 6. Qc2 Bd6 7. g4 0-0 8. g5 Nh5 9. Bd2 dxc4 10. Bxc4 c5 11. 0-0-0 a6 12. Ne4 Be7 13. dxc5 b5 14. Bd3 Bb7 15. Kb1 Rc8 16. Bc3 g6 17. Ne5 Nxe5 18. Bxe5 Qa5 19. Rc1 Bxe4 20. Bxe4 Rxc5 21. Qxc5 Bxc5 22. Rxc5 Qb4 23. Bd4 Qd2 24. Rc2 Qb4 25. a3 Qa4 26. Rhc1 e5 27. b3 Qxb3+ 28. Bb2 b4 29. axb4 Qxb4 30. Rc4 Qb6 31. Rc8 Ng7 32. Bd5 Ne6 33. h4 Rxc8 34. Rxc8+ Kg7 35. Kc1 f6 36. Rc6 Qb5 37. gxf6+ Kh6 38. Rxe6 Qxd5 39. f7 Qc5+ 40. Kd2 Kg7 41. Rxe5 Qb4+ 42. Bc3 1-0

[Event "EU-ch Blitz"]
[Site "Zagreb"]
[Date "2023.12.16"]
[Round "8"]
[White "Costachi, Mihnea"]
[Black "Maier, Christian"]
[Result "1-0"]
[WhiteElo "2471"]
[BlackElo "2260"]
[PlyCount "61"]
[EventDate "2023.12.16"]
[EventType "swiss (blitz)"]
[EventRounds "13"]
[EventCountry "CRO"]
[SourceTitle "CB51_2023"]
[SourceDate "2023.12.20"]
[SourceVersion "1"]
[SourceVersionDate "2023.12.20"]
[SourceQuality "1"]

1. d4 Nf6 2. c4 g6 3. Nc3 Bg7 4. e4 d6 5. Be2 0-0 6. Bg5 h6 7. Be3 c5 8. d5 b5 9. cxb5 a6 10. a4 e6 11. Nf3 exd5 12. exd5 Re8 13. 0-0 Rxe3 14. fxe3 Ng4 15. Qd2 Qe7 16. e4 Nd7 17. h3 Nge5 18. bxa6 Bxa6 19. Bxa6 Rxa6 20. Qe2 Ra5 21. Nb5 Kh7 22. b3 Nxf3+ 23. Qxf3 Ne5 24. Qf4 h5 25. Kh1 Kg8 26. Rad1 c4 27. bxc4 Nxc4 28. Rc1 Rxa4 29. Nc3 Bxc3 30. Rxc3 Ne5 31. Qf6 1-0

[Event "EU-ch Blitz"]
[Site "Zagreb"]
[Date "2023.12.16"]
[Round "11"]
[White "Fressinet, Laurent"]
[Black "Costachi, Mihnea"]
[Result "1-0"]
[WhiteElo "2637"]
[BlackElo "2471"]
[PlyCount "133"]
[EventDate "2023.12.16"]
[EventType "swiss (blitz)"]
[EventRounds "13"]
[EventCountry "CRO"]
[SourceTitle "CB51_2023"]
[SourceDate "2023.12.20"]
[SourceVersion "1"]
[SourceVersionDate "2023.12.20"]
[SourceQuality "1"]

1. d4 Nf6 2. Nf3 g6 3. g3 Bg7 4. Bg2 0-0 5. 0-0 d6 6. Nc3 Nc6 7. d5 Ne5 8. Nd4 Bd7 9. f4 Nc4 10. b3 Nb6 11. e4 e5 12. dxe6 fxe6 13. Bb2 e5 14. fxe5 dxe5 15. Nf3 Qe7 16. Qe2 Ng4 17. Kh1 Qc5 18. Nd1 Rf7 19. a4 Rd8 20. h3 Nh6 21. a5 Nc8 22. Ne3 Nd6 23. Ng5 Rxf1+ 24. Rxf1 Ndf7 25. Nxf7 Nxf7 26. Nd5 c6 27. Nf6+ Bxf6 28. Rxf6 Kg7 29. Rf1 Be6 30. Qf3 Qe7 31. Bc3 Bc8 32. Qe3 c5 33. Kh2 b6 34. Rf2 b5 35. Bf1 a6 36. Qf3 Qe6 37. Bb2 Bb7 38. Bd3 c4 39. bxc4 bxc4 40. Bf1 Rd7 41. Bc3 Kg8 42. Qe2 Nd6 43. Bg2 Rf7 44. Rxf7 Kxf7 45. Qf2+ Kg7 46. Qc5 Nf7 47. Qc7 Bc6 48. h4 h5 49. Qb6 Bd7 50. Qc5 Bc6 51. Bf1 Qf6 52. Bxc4 Bxe4 53. Bxf7 Kxf7 54. Qc4+ Kg7 55. Qxe4 Qf2+ 56. Qg2 Qc5 57. Qd2 Kf7 58. Qd7+ Kf6 59. Qd2 Ke6 60. Bb4 Qc6 61. Qd3 e4 62. Qe2 Qd5 63. Qxa6+ Kf7 64. Qf1+ Kg8 65. Qf8+ Kh7 66. Qf2 Qb5 67. Qf7+ 1-0

[Event "EU-ch Blitz"]
[Site "Zagreb"]
[Date "2023.12.16"]
[Round "9"]
[White "Goroshkov, Maksym"]
[Black "Costachi, Mihnea"]
[Result "1/2-1/2"]
[WhiteElo "2329"]
[BlackElo "2471"]
[PlyCount "83"]
[EventDate "2023.12.16"]
[EventType "swiss (blitz)"]
[EventRounds "13"]
[EventCountry "CRO"]
[SourceTitle "CB51_2023"]
[SourceDate "2023.12.20"]
[SourceVersion "1"]
[SourceVersionDate "2023.12.20"]
[SourceQuality "1"]

1. Nf3 Nf6 2. b3 g6 3. Bb2 Bg7 4. e3 0-0 5. d4 b6 6. c4 Bb7 7. Be2 d6 8. 0-0 Nbd7 9. Nc3 Ne4 10. Qc2 Nxc3 11. Bxc3 e5 12. dxe5 Nxe5 13. Nxe5 dxe5 14. Rfd1 Qg5 15. Bf1 Rad8 16. Rxd8 Rxd8 17. Rd1 h5 18. Rxd8+ Qxd8 19. Bd3 a5 20. h3 Qd6 21. Be4 Bc8 22. Qd2 Qxd2 23. Bxd2 Kf8 24. c5 Ke7 25. b4 axb4 26. Bxb4 Ke6 27. cxb6 cxb6 28. Bc2 Bb7 29. e4 f5 30. f3 fxe4 31. fxe4 Bh6 32. Kf2 Bc1 33. Kf3 Kf6 34. Bd6 Ba6 35. Bc7 Bc4 36. a4 b5 37. axb5 Bxb5 38. Bd8+ Kg7 39. g4 Bf1 40. gxh5 Bxh3 41. hxg6 Kxg6 42. Bb3 1/2-1/2

[Event "EU-ch Blitz"]
[Site "Zagreb"]
[Date "2023.12.16"]
[Round "3"]
[White "Vojak, Daniel"]
[Black "Costachi, Mihnea"]
[Result "0-1"]
[WhiteElo "2264"]
[BlackElo "2471"]
[PlyCount "74"]
[EventDate "2023.12.16"]
[EventType "swiss (blitz)"]
[EventRounds "13"]
[EventCountry "CRO"]
[SourceTitle "CB51_2023"]
[SourceDate "2023.12.20"]
[SourceVersion "1"]
[SourceVersionDate "2023.12.20"]
[SourceQuality "1"]

1. e4 e5 2. Nf3 Nc6 3. Bb5 a6 4. Ba4 d6 5. c3 Bd7 6. 0-0 g6 7. d4 Bg7 8. d5 Nce7 9. Bxd7+ Qxd7 10. c4 h6 11. Nc3 f5 12. b4 Nf6 13. Nd2 f4 14. c5 0-0 15. Nc4 Rad8 16. a4 g5 17. Ba3 g4 18. Qd3 f3 19. g3 h5 20. b5 Ne8 21. b6 cxb6 22. Nxb6 Qc7 23. a5 dxc5 24. Nca4 h4 25. Rac1 hxg3 26. fxg3 Qd6 27. Nxc5 Bh6 28. Ncd7 Qg6 29. Nxf8 Bxf8 30. Rc2 Qh7 31. Nc4 Rxd5 32. Qe3 Bh6 33. Qb6 Qxe4 34. Qe6+ Kh7 35. Qxe7+ Ng7 36. Qh4 Qxc2 37. Bc1 Qg2# 0-1

[Event "ROM-chT Rapid"]
[Site "Sebes"]
[Date "2023.12.02"]
[Round "3.5"]
[White "Costachi, Mihnea"]
[Black "Nanu, Ciprian Costica"]
[Result "1/2-1/2"]
[WhiteElo "2471"]
[BlackElo "2520"]
[PlyCount "29"]
[EventDate "2023.12.02"]
[EventType "team-swiss (rapid)"]
[EventRounds "8"]
[EventCountry "ROU"]
[SourceTitle "CB49_2023"]
[SourceDate "2023.12.06"]
[SourceVersion "1"]
[SourceVersionDate "2023.12.06"]
[SourceQuality "1"]
[WhiteTeam "Alba Iulia Unirea"]
[BlackTeam "Dinamo"]
[WhiteTeamCountry "ROU"]
[BlackTeamCountry "ROU"]

1. d4 Nf6 2. Nf3 e6 3. c4 b6 4. g3 Bb7 5. Bg2 Be7 6. 0-0 0-0 7. Re1 d5 8. cxd5 exd5 9. Nc3 Na6 10. Ne5 c5 11. dxc5 Nxc5 12. Bg5 h6 13. Bxf6 Bxf6 14. Ng4 Bxc3 15. bxc3 1/2-1/2

[Event "Titled Tuesday intern op 14th Nov Early"]
[Site "Chess.com INT"]
[Date "2023.11.14"]
[Round "2"]
[White "Costachi, Mihnea"]
[Black "Nastase, Robert Paul"]
[Result "1-0"]
[WhiteElo "2471"]
[BlackElo "2226"]
[PlyCount "83"]
[EventDate "2023.11.14"]
[EventType "swiss (blitz)"]
[EventRounds "11"]
[EventCountry "USA"]
[SourceTitle "CB47_2023"]
[SourceDate "2023.11.22"]
[SourceVersion "1"]
[SourceVersionDate "2023.11.22"]
[SourceQuality "1"]

1. f4 f5 2. e4 fxe4 3. d3 Nf6 4. Nc3 d5 5. dxe4 dxe4 6. Qxd8+ Kxd8 7. Be3 c6 8. 0-0-0+ Kc7 9. h3 h5 10. g3 Bf5 11. Bg2 e6 12. Nge2 Nbd7 13. Nd4 g6 14. Nb3 Bg7 15. Bd4 Rhg8 16. Rhe1 Rae8 17. Nc5 Nxc5 18. Bxc5 b6 19. Bd6+ Kc8 20. Nxe4 Nxe4 21. Bxe4 Bxe4 22. Rxe4 Bf6 23. Be5 Bxe5 24. Rxe5 Rg7 25. Rde1 Kd7 26. Kd2 Kd6 27. Kd3 Rf7 28. Ke4 Rf5 29. Rd1+ Ke7 30. g4 hxg4 31. hxg4 Rxe5+ 32. Kxe5 Rh8 33. Rd6 Rh1 34. Rxe6+ Kf7 35. Rf6+ Kg7 36. Rxc6 Re1+ 37. Kd4 Rf1 38. Ke3 Rg1 39. g5 Rg3+ 40. Ke4 Rg2 41. Rc7+ Kf8 42. Ke5 1-0

[Event "Sebes GP op"]
[Site "Sebes"]
[Date "2023.11.04"]
[Round "4"]
[White "Costachi, Mihnea"]
[Black "Negrean, Andrei"]
[Result "1/2-1/2"]
[WhiteElo "2476"]
[BlackElo "2003"]
[PlyCount "147"]
[EventDate "2023.11.04"]
[EventType "swiss"]
[EventRounds "10"]
[EventCountry "ROU"]
[SourceTitle "CB46_2023"]
[SourceDate "2023.11.15"]
[SourceVersion "1"]
[SourceVersionDate "2023.11.15"]
[SourceQuality "1"]

1. d4 Nf6 2. c4 e6 3. Nf3 d5 4. Nc3 c5 5. e3 cxd4 6. exd4 Bb4 7. a3 Bxc3+ 8. bxc3 0-0 9. Qc2 b6 10. Bd3 dxc4 11. Bxc4 Bb7 12. Qe2 Nbd7 13. 0-0 Qc7 14. Nd2 Rac8 15. Bb2 Nd5 16. Bxd5 Bxd5 17. Rfc1 Bc4 18. Qf3 Nf6 19. a4 Qc6 20. Qg3 Ne4 21. Nxe4 Qxe4 22. a5 Qg6 23. Qe3 h6 24. Ba3 Rfd8 25. Bb4 Qf5 26. Rcb1 Rb8 27. Re1 Re8 28. Qg3 Kh7 29. Bd6 Rbc8 30. Bc7 bxa5 31. Rxa5 Qg6 32. Rxa7 Qxg3 33. Bxg3 Kg8 34. Bd6 Ra8 35. Rea1 Bd5 36. f3 Rxa7 37. Rxa7 Ra8 38. Rc7 Ra4 39. Bb4 Ra6 40. Kf2 Rc6 41. Ra7 Rc8 42. Ke3 g5 43. Kd3 Bc4+ 44. Ke3 Bd5 45. g3 Kg7 46. h4 gxh4 47. gxh4 Kg6 48. Kf4 Rb8 49. Rc7 Ra8 50. c4 Ra4 51. cxd5 Rxb4 52. Ke4 f5+ 53. Ke5 exd5 54. Kxd5 Rb3 55. f4 Rf3 56. Ke5 Re3+ 57. Kd6 Re4 58. d5 Rxf4 59. Kc5 Rf1 60. d6 Rd1 61. d7 Kh5 62. Kc6 Kxh4 63. Rc8 f4 64. d8Q+ Rxd8 65. Rxd8 f3 66. Kd5 f2 67. Rf8 Kg3 68. Ke4 Kg2 69. Rg8+ Kh2 70. Rf8 Kg2 71. Rg8+ Kh2 72. Rf8 Kg2 73. Rg8+ Kh2 74. Rf8 1/2-1/2

[Event "Sebes GP op"]
[Site "Sebes"]
[Date "2023.11.04"]
[Round "3"]
[White "Craciun, Sasha Matei"]
[Black "Costachi, Mihnea"]
[Result "1/2-1/2"]
[WhiteElo "2050"]
[BlackElo "2476"]
[PlyCount "52"]
[EventDate "2023.11.04"]
[EventType "swiss"]
[EventRounds "10"]
[EventCountry "ROU"]
[SourceTitle "CB46_2023"]
[SourceDate "2023.11.15"]
[SourceVersion "1"]
[SourceVersionDate "2023.11.15"]
[SourceQuality "1"]

1. e4 e5 2. Nf3 Nc6 3. Bb5 a6 4. Ba4 d6 5. c4 Nf6 6. Nc3 Bg4 7. h3 Bxf3 8. Bxc6+ bxc6 9. Qxf3 Be7 10. 0-0 0-0 11. d3 Nd7 12. Be3 g6 13. Rad1 Bf6 14. Ne2 c5 15. Bh6 Bg7 16. Bxg7 Kxg7 17. Qg3 Rb8 18. b3 Nf6 19. f4 Nh5 20. Qf2 exf4 21. Nxf4 Nxf4 22. Qxf4 Qe7 23. Rde1 Qe5 24. Qxe5+ dxe5 25. Kf2 a5 26. Ke3 f6 1/2-1/2

[Event "ROM-chT"]
[Site "Eforie Nord"]
[Date "2023.09.25"]
[Round "5.6"]
[White "Balla, Tamas Kristof"]
[Black "Costachi, Mihnea"]
[Result "0-1"]
[WhiteElo "2308"]
[BlackElo "2476"]
[PlyCount "64"]
[EventDate "2023.09.21"]
[EventType "team-tourn"]
[EventRounds "9"]
[EventCountry "ROU"]
[SourceTitle "EXT 2024"]
[Source "ChessBase"]
[SourceDate "2023.10.10"]
[SourceVersion "1"]
[SourceVersionDate "2023.10.10"]
[SourceQuality "1"]
[WhiteTeam "Ineu"]
[BlackTeam "Bucharest ASE"]
[WhiteTeamCountry "ROU"]
[BlackTeamCountry "ROU"]

1. e4 e5 2. Bc4 Nf6 3. d3 c6 4. Nf3 d5 5. Bb3 Bd6 6. exd5 Nxd5 7. Bg5 f6 8. Bh4 0-0 9. Nc3 Kh8 10. Bxd5 cxd5 11. Nxd5 Qa5+ 12. Nc3 Bg4 13. h3 Bh5 14. 0-0 Nc6 15. g4 Bf7 16. a3 f5 17. Ng5 Bg8 18. gxf5 Rxf5 19. Nge4 Be7 20. Bxe7 Nxe7 21. Kh2 Raf8 22. Rg1 Qb6 23. b4 Qh6 24. Qc1 Qh5 25. Rg3 Be6 26. Qe3 Ng6 27. Qxa7 Qh6 28. Qe3 Nf4 29. Rag1 Rh5 30. Ng5 Rxg5 31. Rxg5 Bxh3 32. Qxe5 Bf5+ 0-1

[Event "Titled Tuesday intern op 19th Sep Early"]
[Site "Chess.com INT"]
[Date "2023.09.19"]
[Round "6"]
[White "Diaz Perez, Michel Alejandro"]
[Black "Costachi, Mihnea"]
[Result "0-1"]
[WhiteElo "2473"]
[BlackElo "2476"]
[PlyCount "120"]
[EventDate "2023.09.19"]
[EventType "swiss (blitz)"]
[EventRounds "11"]
[EventCountry "USA"]
[SourceTitle "EXT 2024"]
[Source "ChessBase"]
[SourceDate "2023.10.10"]
[SourceVersion "1"]
[SourceVersionDate "2023.10.10"]
[SourceQuality "1"]

1. Nf3 c5 2. c4 Nc6 3. Nc3 e6 4. e3 d5 5. d4 Nf6 6. cxd5 Nxd5 7. Bd3 cxd4 8. exd4 Be7 9. 0-0 0-0 10. a3 b6 11. Qe2 Bb7 12. Rd1 Rc8 13. Ne4 g6 14. Bh6 Re8 15. Rac1 Nf6 16. Bb5 Qd5 17. Nc3 Qh5 18. Bf4 Nd5 19. Nxd5 Qxd5 20. Rc3 Red8 21. Be3 Bf6 22. h3 Ne7 23. Rxc8 Rxc8 24. Ba6 Nf5 25. Bxb7 Qxb7 26. Bg5 Bg7 27. g4 Nd6 28. Bf4 Qd5 29. Be5 h5 30. gxh5 gxh5 31. Kh2 Nf5 32. Rg1 Kf8 33. Bxg7+ Nxg7 34. Ne5 Qxd4 35. Rg3 Nf5 36. Rd3 Qf4+ 37. Kg2 Nh4+ 38. Kf1 Rc1+ 39. Rd1 Rxd1+ 40. Qxd1 Kg7 41. Qxh5 Qc1+ 42. Ke2 Qxb2+ 43. Kf1 Qb1+ 44. Ke2 Qe4+ 45. Kf1 Qh1+ 46. Ke2 Qe4+ 47. Kf1 Ng6 48. Nxg6 fxg6 49. Qg5 Kf7 50. Qd8 Qc4+ 51. Kg1 Qc1+ 52. Kg2 Qxa3 53. Qd7+ Qe7 54. Qc6 Qg5+ 55. Kf1 Qe7 56. Kg2 Kg7 57. Qc3+ Kh7 58. Qc6 e5 59. Qd5 a5 60. Qc6 Qa7 0-1